| 000 | 00765nam a22002057a 4500 | ||
|---|---|---|---|
| 008 | 090718t xxu||||| |||| 00| 0 eng d | ||
| 010 | _aB-295874 | ||
| 035 | _aB-295874 | ||
| 037 |
_aUBH _bRP/CL/E;8/ENG/13.09.08/30.09.08 |
||
| 040 |
_adpl _beng |
||
| 082 | _a621.312 | ||
| 100 | _aRajput,R.K. | ||
| 245 |
_aText Book Of Power Plant Engineering/ _cby R.K.Rajput |
||
| 260 |
_aNew Delhi _bLaxmi Publications |
||
| 270 | _bNew Delhi | ||
| 300 |
_axxv,1065pg _c26cm |
||
| 942 |
_2ddc _cEN _h621.312 _mRAJ |
||
| 999 |
_c28398 _d28398 |
||